000 00558nam a2200205Ia 4500
005 20250508164506.0
008 008 250505s9999 xx 000 0 hin d
020 _a1-7229-0012
037 _aTextual
040 _aFEDL
_beng
_cFEDL
041 _ahin
_2hin
084 _a306.449, GAN
_qFEDL
100 _aGandhi ji
_9228594
245 0 _aRashtiyabhasha hindustani
260 _aAhmedabad, India
_bNavjivan Prakashan Mandir
_c1947
300 _a256p.
365 _aINR
_b30
942 _cTEXL
_h306.449, GAN
999 _c1389397
_d1389397